[Event "17. Obert Int. Sant Marti 2015"]
[Site "Barcelona ESP"]
[Date "2015.07.14"]
[Round "2.31"]
[White "Font Purroy, Vicenc"]
[Black "Akbarinia, Sayed Arash"]
[Result "0-1"]
[WhiteElo "2092"]
[BlackElo "2413"]
[PlyCount "84"]
[EventDate "2015.07.13"]
[EventType "swiss"]
[EventRounds "9"]
[EventCountry "ESP"]
[SourceTitle "Ajedrez en Madrid"]
[Source "lmi"]
[SourceDate "2013.07.13"]
[SourceVersion "1"]
[SourceVersionDate "2019.06.24"]
[SourceQuality "1"]

1. c4 e6 2. g3 d5 3. Bg2 c6 4. b3 dxc4 5. bxc4 Qd4 6. Nc3 Qxc4 7. Nf3 Nf6 8.
O-O Be7 9. Bb2 O-O 10. d3 Qc5 11. d4 Qa5 12. e4 Nbd7 13. e5 Nd5 14. Ne4 h6 15.
Bc1 Qd8 16. Bd2 f5 17. exf6 Bxf6 18. Re1 Be7 19. Qc1 Qe8 20. Ne5 Nxe5 21. dxe5
b6 22. a4 Bb7 23. a5 c5 24. axb6 axb6 25. Rxa8 Bxa8 26. f4 Kh8 27. Qd1 Qg6 28.
Bf3 Rd8 29. Qe2 Bc6 30. Bh5 Qh7 31. Bg4 Nc7 32. Nd6 Bxd6 33. exd6 Rxd6 34. Bc3
Qd3 35. Be5 Qxe2 36. Rxe2 Rd7 37. Bxc7 Rxc7 38. Bxe6 Re7 39. f5 Bd7 40. Rb2
Bxe6 41. Re2 g6 42. fxe6 Kg7 0-1

[Event "17. Obert Int. Sant Marti 2015"]
[Site "Barcelona ESP"]
[Date "2015.07.14"]
[Round "2.32"]
[White "Alarcon Casellas, Rolando"]
[Black "Glimbrant, Torbjorn"]
[Result "1-0"]
[WhiteElo "2411"]
[BlackElo "2197"]
[PlyCount "123"]
[EventDate "2015.07.13"]
[EventType "swiss"]
[EventRounds "9"]
[EventCountry "ESP"]
[SourceTitle "Ajedrez en Madrid"]
[Source "lmi"]
[SourceDate "2013.07.13"]
[SourceVersion "1"]
[SourceVersionDate "2019.06.24"]
[SourceQuality "1"]

1. d4 d5 2. Nf3 Nf6 3. c4 dxc4 4. e3 e6 5. Bxc4 c5 6. O-O a6 7. Qe2 b5 8. Bd3
Nc6 9. a4 c4 10. Bc2 Bb7 11. axb5 axb5 12. Rxa8 Bxa8 13. b3 cxb3 14. Bxb3 Qb8
15. e4 Na5 16. Bc2 Be7 17. d5 exd5 18. exd5 Bxd5 19. Re1 Be6 20. Nd4 O-O 21.
Nxe6 fxe6 22. Qxe6+ Rf7 23. Bg5 g6 24. Nd2 Qd6 25. Qe2 Qd5 26. Nf3 Nc4 27. Rd1
Qc6 28. Nd4 Qc5 29. Ne6 Qe5 30. Qxe5 Nxe5 31. Bb3 Nc4 32. Nd4 Ne4 33. Bxe7 Nxf2
34. Nxb5 Nxd1 35. Bxc4 Ne3 36. Bxf7+ Kxf7 37. Bg5 Nf5 38. g4 Ng7 39. Nd4 h5 40.
Bh6 Ne8 41. gxh5 gxh5 42. Bf4 Nf6 43. Kg2 Kg6 44. Kf3 Nd5 45. Bd2 Nf6 46. h3
Nd7 47. Bf4 Nc5 48. Bd6 Nd7 49. Ne2 Kf5 50. Nf4 Nf6 51. Be7 Ne4 52. Nxh5 Nd2+
53. Kg2 Kg6 54. Ng3 Nc4 55. h4 Ne5 56. h5+ Kh6 57. Bf6 Ng4 58. Bd4 Kh7 59. Kh3
Nh6 60. Kh4 Nf7 61. Ne4 Kh6 62. Bf6 1-0

[Event "17. Obert Int. Sant Marti 2015"]
[Site "Barcelona ESP"]
[Date "2015.07.14"]
[Round "2.33"]
[White "Kakumanu, Kautil Prasad"]
[Black "Cruz, Filemon"]
[Result "0-1"]
[WhiteElo "1616"]
[BlackElo "2402"]
[PlyCount "94"]
[EventDate "2015.07.13"]
[EventType "swiss"]
[EventRounds "9"]
[EventCountry "ESP"]
[SourceTitle "Ajedrez en Madrid"]
[Source "lmi"]
[SourceDate "2013.07.13"]
[SourceVersion "1"]
[SourceVersionDate "2019.06.24"]
[SourceQuality "1"]

1. c4 g6 2. Nc3 Bg7 3. g3 Nf6 4. Bg2 O-O 5. Nf3 d5 6. cxd5 Nxd5 7. O-O Nc6 8.
Nxd5 Qxd5 9. d3 Qh5 10. Re1 Bh3 11. Bh1 Qb5 12. Rb1 a5 13. Bd2 a4 14. Bc3 Be6
15. Bxg7 Kxg7 16. a3 Ra6 17. Qd2 Rb6 18. Qc3+ f6 19. Nd4 Nxd4 20. Qxd4 c5 21.
Qe3 Rd6 22. Rec1 b6 23. Bd5 Rxd5 24. Qxe6 Re5 25. Qg4 Rd8 26. f4 Re3 27. Kf2 f5
28. Qh3 Re6 29. Qf1 Qd7 30. Rc2 h5 31. h4 Rd6 32. Qe1 Kh7 33. Qc3 Rd4 34. b4 c4
35. dxc4 e5 36. fxe5 f4 37. Rg1 Qf5 38. Kg2 fxg3 39. Rf1 Qxe5 40. Qf3 Rxh4 41.
Rh1 Rf4 42. Qb7+ Kh6 43. Rf1 Rxf1 44. Kxf1 Rf8+ 45. Ke1 Qa1+ 46. Kd2 Qd4+ 47.
Ke1 Rf1+ 0-1

[Event "17. Obert Int. Sant Marti 2015"]
[Site "Barcelona ESP"]
[Date "2015.07.14"]
[Round "2.34"]
[White "Perpinya Rofes, Lluis Maria"]
[Black "Kunal, Kakumanu Prasad"]
[Result "1-0"]
[WhiteElo "2398"]
[BlackElo "1713"]
[PlyCount "107"]
[EventDate "2015.07.13"]
[EventType "swiss"]
[EventRounds "9"]
[EventCountry "ESP"]
[SourceTitle "Ajedrez en Madrid"]
[Source "lmi"]
[SourceDate "2013.07.13"]
[SourceVersion "1"]
[SourceVersionDate "2019.06.24"]
[SourceQuality "1"]

1. e4 c5 2. Nc3 Nc6 3. Nge2 g6 4. d4 cxd4 5. Nxd4 Bg7 6. Be3 Nf6 7. Bc4 O-O 8.
Bb3 d5 9. exd5 Na5 10. O-O Nxb3 11. Nxb3 b6 12. Qd2 Bb7 13. Rad1 Qc8 14. Bh6
Rd8 15. Bxg7 Kxg7 16. Qe3 Bxd5 17. Qxe7 Qf5 18. Nd4 Qg4 19. f3 Qc8 20. Ne4 Nxe4
21. fxe4 Be6 22. Qf6+ Kg8 23. Nxe6 fxe6 24. Rxd8+ Qxd8 25. Qxe6+ Kh8 26. h3 Qc8
27. Qf6+ Kg8 28. e5 Qxc2 29. Qe6+ Kh8 30. Rf7 Qd1+ 31. Kh2 Qd8 32. Rd7 Qf8 33.
Kg3 Qh6 34. Qf6+ Kg8 35. Rd8+ Rxd8 36. Qxd8+ Kf7 37. Qf6+ Kg8 38. e6 Qe3+ 39.
Kh2 Qc5 40. Qf7+ Kh8 41. Qf4 Qe7 42. Qe5+ Kg8 43. Kg3 h6 44. Kf3 Qf8+ 45. Ke2
Qe7 46. a3 Kh7 47. Qd5 Kg7 48. Qe5+ Kh7 49. Kd3 h5 50. Kc4 a5 51. g3 Kh6 52. h4
Kh7 53. Qd5 Kh6 54. Qg5+ 1-0

[Event "17. Obert Int. Sant Marti 2015"]
[Site "Barcelona ESP"]
[Date "2015.07.14"]
[Round "2.35"]
[White "Peralta, Fernando"]
[Black "Fernandez Aguilar, Francisco"]
[Result "1-0"]
[WhiteElo "2556"]
[BlackElo "2067"]
[PlyCount "73"]
[EventDate "2015.07.13"]
[EventType "swiss"]
[EventRounds "9"]
[EventCountry "ESP"]
[SourceTitle "Ajedrez en Madrid"]
[Source "lmi"]
[SourceDate "2013.07.13"]
[SourceVersion "1"]
[SourceVersionDate "2019.06.24"]
[SourceQuality "1"]

1. Nf3 d5 2. c4 c6 3. e3 Nf6 4. Nc3 e6 5. b3 Nbd7 6. Qc2 Bd6 7. Bb2 O-O 8. Be2
b6 9. Rg1 Bb7 10. g4 Ne5 11. Nxe5 Bxe5 12. f4 Bd6 13. g5 Nd7 14. O-O-O e5 15.
Bd3 e4 16. Nxe4 dxe4 17. Bxe4 g6 18. Qc3 f6 19. gxf6 Kf7 20. Qd3 Nxf6 21. Bxg6+
hxg6 22. Qxg6+ Ke6 23. e4 Kd7 24. e5 Ne8 25. f5 Be7 26. Rdf1 Nf6 27. exf6 Bxf6
28. Bxf6 Qxf6 29. Qxf6 Rxf6 30. Rg7+ Kc8 31. Re1 Rf8 32. Ree7 Ba6 33. f6 Kd8
34. Rd7+ Kc8 35. Rc7+ Kd8 36. Rgd7+ Ke8 37. f7+ 1-0

[Event "17. Obert Int. Sant Marti 2015"]
[Site "Barcelona ESP"]
[Date "2015.07.14"]
[Round "2.36"]
[White "Das, Sayantan"]
[Black "Becerra, Juan David"]
[Result "1-0"]
[WhiteElo "2444"]
[BlackElo "2178"]
[PlyCount "105"]
[EventDate "2015.07.13"]
[EventType "swiss"]
[EventRounds "9"]
[EventCountry "ESP"]
[SourceTitle "Ajedrez en Madrid"]
[Source "lmi"]
[SourceDate "2013.07.13"]
[SourceVersion "1"]
[SourceVersionDate "2019.06.24"]
[SourceQuality "1"]

1. e4 c5 2. Nf3 d6 3. d4 cxd4 4. Nxd4 Nf6 5. Nc3 a6 6. h3 h5 7. g3 e5 8. Nde2
Be6 9. Bg2 Be7 10. Be3 Nbd7 11. O-O b5 12. Qd2 Nb6 13. b3 Qc7 14. a4 b4 15. Nd5
Nbxd5 16. exd5 Bf5 17. Rac1 Qd7 18. Kh2 h4 19. g4 Bxg4 20. Ng1 Bf5 21. Qxb4 Rc8
22. c4 O-O 23. Qd2 Rb8 24. Rc3 Ne4 25. Bxe4 Bxe4 26. Bg5 Qd8 27. Bxe7 Qxe7 28.
Re1 Bf5 29. Nf3 Qf6 30. Rg1 e4 31. Qd4 Qxd4 32. Nxd4 Bd7 33. Re3 f5 34. Rg6 Rf6
35. Rxf6 gxf6 36. f3 Re8 37. a5 Kf7 38. f4 Rc8 39. Rc3 Rc5 40. Nc6 Bxc6 41. b4
Rxc4 42. Rxc4 Bxd5 43. Rc7+ Ke6 44. Kg1 e3 45. Kf1 Bf3 46. Rc3 Kd5 47. Rxe3 Be4
48. Rc3 Kd4 49. Rc8 Ke3 50. Re8 d5 51. b5 d4 52. bxa6 d3 53. Ke1 1-0

[Event "17. Obert Int. Sant Marti 2015"]
[Site "Barcelona ESP"]
[Date "2015.07.14"]
[Round "2.37"]
[White "Segarra Calderer, Albert"]
[Black "Rios, Cristhian Camilo"]
[Result "0-1"]
[WhiteElo "2014"]
[BlackElo "2435"]
[PlyCount "62"]
[EventDate "2015.07.13"]
[EventType "swiss"]
[EventRounds "9"]
[EventCountry "ESP"]
[SourceTitle "Ajedrez en Madrid"]
[Source "lmi"]
[SourceDate "2013.07.13"]
[SourceVersion "1"]
[SourceVersionDate "2019.06.24"]
[SourceQuality "1"]

1. c4 e5 2. Nc3 Nc6 3. g3 Nf6 4. Bg2 Bc5 5. Nf3 d6 6. O-O a6 7. d3 h6 8. a3 O-O
9. e3 Ba7 10. Qc2 Be6 11. b4 Qd7 12. Bb2 Rae8 13. Rac1 Nh7 14. Nd5 Nd8 15. Nc3
Bh3 16. Qa4 c6 17. b5 Bxg2 18. Kxg2 Ne6 19. bxa6 bxa6 20. Ne2 Neg5 21. Neg1 f5
22. Nxg5 Nxg5 23. f4 exf4 24. exf4 Bxg1 25. Kxg1 Nh3+ 26. Kh1 Re2 27. Bd4 Rfe8
28. Rc2 Kh7 29. Rxe2 Rxe2 30. Qd1 Qe8 31. Be5 Qh5 0-1

[Event "17. Obert Int. Sant Marti 2015"]
[Site "Barcelona ESP"]
[Date "2015.07.14"]
[Round "2.38"]
[White "Garnier, Teddy"]
[Black "Erdogdu, Mert"]
[Result "0-1"]
[WhiteElo "2055"]
[BlackElo "2426"]
[PlyCount "90"]
[EventDate "2015.07.13"]
[EventType "swiss"]
[EventRounds "9"]
[EventCountry "ESP"]
[SourceTitle "Ajedrez en Madrid"]
[Source "lmi"]
[SourceDate "2013.07.13"]
[SourceVersion "1"]
[SourceVersionDate "2019.06.24"]
[SourceQuality "1"]

1. e4 c5 2. c3 d5 3. exd5 Qxd5 4. d4 Nf6 5. Nf3 Bg4 6. Qa4+ Bd7 7. Qb3 e6 8.
Be3 Qxb3 9. axb3 Nd5 10. Bd2 Nc6 11. dxc5 Bxc5 12. b4 Bd6 13. Na3 O-O 14. Nc2
a6 15. g3 e5 16. Bg2 e4 17. Nfd4 Nxd4 18. Nxd4 f5 19. Ra5 Nc7 20. O-O Nb5 21.
Be3 Rad8 22. Rd1 Be5 23. Nxb5 Bxb5 24. Rxd8 Rxd8 25. Ra1 Kf7 26. Bf1 Bxf1 27.
Kxf1 Ke6 28. Ke2 Bf6 29. h4 Rd5 30. Rd1 Rxd1 31. Kxd1 g6 32. Kc2 Kd5 33. Kb3
Bg7 34. Bf4 Bf6 35. Be3 Be5 36. Kc2 Bd6 37. Kb3 Bc7 38. c4+ Kc6 39. Kc3 Be5+
40. Kc2 Kd7 41. Kb3 Ke6 42. Bc1 Bd4 43. Be3 Bxe3 44. fxe3 h6 45. Kc3 Ke5 0-1

[Event "17. Obert Int. Sant Marti 2015"]
[Site "Barcelona ESP"]
[Date "2015.07.14"]
[Round "2.40"]
[White "Aguilar, Andres"]
[Black "Brilej, Jaka"]
[Result "1-0"]
[WhiteElo "2224"]
[BlackElo "1639"]
[PlyCount "150"]
[EventDate "2015.07.13"]
[EventType "swiss"]
[EventRounds "9"]
[EventCountry "ESP"]
[SourceTitle "Ajedrez en Madrid"]
[Source "lmi"]
[SourceDate "2013.07.13"]
[SourceVersion "1"]
[SourceVersionDate "2019.06.24"]
[SourceQuality "1"]

1. c4 e6 2. Nc3 Nf6 3. e4 d5 4. e5 Nfd7 5. d4 c6 6. cxd5 cxd5 7. Nf3 Nc6 8. Bd3
Be7 9. a3 O-O 10. O-O f5 11. exf6 Nxf6 12. Re1 Re8 13. Bc2 g6 14. Bg5 Nh5 15.
Bxe7 Rxe7 16. Ne5 Nxe5 17. Rxe5 Bd7 18. Qd2 Rf7 19. g3 Qf6 20. Bd1 Ng7 21. Bg4
Rc8 22. Rae1 Rcf8 23. f4 Qd8 24. Na2 Qb6 25. Rc1 Rc8 26. Ree1 Rff8 27. Qb4 Qxb4
28. Nxb4 Nf5 29. Bxf5 gxf5 30. h3 Kf7 31. Nd3 Rg8 32. Kf2 h5 33. Nc5 Rc7 34.
Rc3 b6 35. Nxd7 Rxd7 36. Rc6 Re8 37. a4 Ree7 38. Rec1 Rb7 39. b4 Red7 40. Rc8
Kg7 41. R1c6 Re7 42. Kf3 Kf6 43. Rc3 Rg7 44. R8c6 Rge7 45. Re3 Rbc7 46. Rexe6+
Rxe6 47. Rxc7 Re4 48. Rc6+ Kg7 49. Rc7+ Kf6 50. Rxa7 Rxd4 51. b5 Rb4 52. Ra6
Ke7 53. Ke3 Kf7 54. Rxb6 Rxa4 55. Rd6 Ra3+ 56. Kd4 Rxg3 57. Kxd5 Rxh3 58. b6
Rb3 59. Kc6 h4 60. Rh6 h3 61. b7 Rc3+ 62. Kd5 Rb3 63. Rxh3 Rb1 64. Rh7+ Kg6 65.
Rc7 Kh5 66. Rg7 Kh6 67. Rd7 Kh5 68. Rg7 Kh6 69. Rf7 Kg6 70. Re7 Kh5 71. Kc6 Kg4
72. Re8 Kxf4 73. b8=Q+ Rxb8 74. Rxb8 Ke3 75. Kd5 Kf4 1-0

[Event "17. Obert Int. Sant Marti 2015"]
[Site "Barcelona ESP"]
[Date "2015.07.14"]
[Round "2.41"]
[White "Torrents Senal, Marc"]
[Black "Capellades Subirana, Marc"]
[Result "0-1"]
[WhiteElo "1824"]
[BlackElo "2213"]
[PlyCount "100"]
[EventDate "2015.07.13"]
[EventType "swiss"]
[EventRounds "9"]
[EventCountry "ESP"]
[SourceTitle "Ajedrez en Madrid"]
[Source "lmi"]
[SourceDate "2013.07.13"]
[SourceVersion "1"]
[SourceVersionDate "2019.06.24"]
[SourceQuality "1"]

1. d4 Nf6 2. c4 e6 3. Nc3 Bb4 4. Nf3 b6 5. e3 Bb7 6. Bd3 Be4 7. O-O Bxc3 8.
bxc3 O-O 9. Qc2 d5 10. Ba3 Re8 11. Ne5 Bxd3 12. Qxd3 Ne4 13. f3 Nd6 14. cxd5
exd5 15. Bxd6 Qxd6 16. e4 dxe4 17. Qxe4 Nd7 18. Nc4 Rxe4 19. Nxd6 Re2 20. Nb5
c6 21. Nd6 Re6 22. Nc4 Rae8 23. Rfc1 Nf6 24. Rc2 Nd5 25. Kf2 Nf4 26. g3 Re2+
27. Rxe2 Rxe2+ 28. Kg1 Nh3+ 29. Kh1 f6 30. Nd6 Ng5 31. Rf1 Rxa2 32. h4 Nf7 33.
Nc8 Kf8 34. Re1 c5 35. d5 Ne5 36. Re3 Rf2 37. Kg1 Rxf3 38. Rxf3 Nxf3+ 39. Kf2
Nd2 40. Ke3 Nc4+ 41. Kd3 Ne5+ 42. Ke4 b5 43. Nxa7 b4 44. cxb4 cxb4 45. Kd4 Ke7
46. Nb5 Kd7 47. Kc5 b3 48. Nc3 b2 49. Kb4 Kd6 50. Kb3 b1=Q+ 0-1

[Event "17. Obert Int. Sant Marti 2015"]
[Site "Barcelona ESP"]
[Date "2015.07.14"]
[Round "2.42"]
[White "Ayza Leon, David"]
[Black "Boixader Arbo, Xavier"]
[Result "1-0"]
[WhiteElo "2208"]
[BlackElo "1755"]
[PlyCount "185"]
[EventDate "2015.07.13"]
[EventType "swiss"]
[EventRounds "9"]
[EventCountry "ESP"]
[SourceTitle "Ajedrez en Madrid"]
[Source "lmi"]
[SourceDate "2013.07.13"]
[SourceVersion "1"]
[SourceVersionDate "2019.06.24"]
[SourceQuality "1"]

1. e4 c5 2. Nf3 Nc6 3. d4 cxd4 4. Nxd4 Nf6 5. Nc3 e5 6. Ndb5 d6 7. Bg5 a6 8.
Na3 b5 9. Nd5 Qa5+ 10. Bd2 Qd8 11. Nxf6+ Qxf6 12. c4 Qg6 13. f3 Be7 14. g3 b4
15. Nc2 a5 16. Bg2 O-O 17. O-O Be6 18. b3 f5 19. Qe2 f4 20. Be1 h5 21. Bf2 Bf6
22. Rfd1 Rfd8 23. a3 bxa3 24. Rxa3 Rab8 25. Be1 Rd7 26. Kh1 Qf7 27. Rd3 Bd8 28.
Qd1 Bc7 29. Ra4 g5 30. Na3 Nd4 31. Bf2 Bb6 32. Bxd4 Bxd4 33. Nb5 Rxb5 34. cxb5
Bf2 35. gxf4 Qxf4 36. Qd2 Bb6 37. Qxf4 gxf4 38. Rc3 Rb7 39. Bf1 Rg7 40. Bg2 Bd7
41. Rac4 Bxb5 42. Rc8+ Kh7 43. h3 Bd7 44. Rb8 Bc5 45. Rb7 Bc6 46. Rxg7+ Kxg7
47. Bf1 Kf6 48. Bc4 a4 49. bxa4 Bxa4 50. Rc1 Bd7 51. Kh2 Be6 52. Bb5 Bf7 53.
Rc2 Ke7 54. Rg2 Kf6 55. Bc6 Be3 56. h4 Bd4 57. Bd5 Bg6 58. Ra2 Bc5 59. Ra8 Bf2
60. Kh3 Bc5 61. Rc8 Bd4 62. Kg2 Be3 63. Bc6 Ke7 64. Rh8 Bc5 65. Rh6 Bf7 66. Bd5
Be8 67. Kf1 Kf8 68. Rh7 Bg6 69. Rb7 Ba3 70. Ke2 Bc5 71. Be6 Ba3 72. Kd3 Bc5 73.
Kc4 Be8 74. Rh7 Bg6 75. Rc7 Bf2 76. Kd5 Bxh4 77. Kxd6 Bf6 78. Bh3 Bf7 79. Rc8+
Kg7 80. Rc5 Kg6 81. Be6 Be8 82. Rc8 Ba4 83. Rg8+ Kh7 84. Rg1 h4 85. Bf5+ Kh8
86. Ke6 Bg7 87. Rh1 Bb3+ 88. Ke7 Kg8 89. Be6+ Bxe6 90. Kxe6 Kh7 91. Rxh4+ Kg6
92. Rg4+ Kh6 93. Kf7 1-0

[Event "17. Obert Int. Sant Marti 2015"]
[Site "Barcelona ESP"]
[Date "2015.07.14"]
[Round "2.43"]
[White "Dahale, Atul"]
[Black "Manolache, Marius"]
[Result "0-1"]
[WhiteElo "1969"]
[BlackElo "2467"]
[PlyCount "88"]
[EventDate "2015.07.13"]
[EventType "swiss"]
[EventRounds "9"]
[EventCountry "ESP"]
[SourceTitle "Ajedrez en Madrid"]
[Source "lmi"]
[SourceDate "2013.07.13"]
[SourceVersion "1"]
[SourceVersionDate "2019.06.24"]
[SourceQuality "1"]

1. d4 Nf6 2. c4 g6 3. Nc3 Bg7 4. e4 O-O 5. Nf3 c6 6. Bd3 d6 7. h3 a6 8. a4 a5
9. O-O Na6 10. Be3 Nb4 11. Rc1 e5 12. d5 Nd7 13. Be2 Qe7 14. Ne1 f5 15. exf5
gxf5 16. f4 c5 17. b3 e4 18. Nb5 Nf6 19. Nc2 Bd7 20. Nc3 Kh8 21. Qd2 Bh6 22.
Bf2 Rg8 23. Bh4 Qg7 24. Ne3 Raf8 25. Rf2 Qg6 26. Kh1 Nh5 27. Bxh5 Qxh5 28. Be7
Re8 29. Bxd6 Nd3 30. Bxc5 Bg7 31. Bb6 Qg6 32. d6 Qxd6 33. Ncd5 Be6 34. Bxa5
Bxd5 35. cxd5 Nxc1 36. Qxc1 Rc8 37. Qd2 b6 38. Nxf5 Qf6 39. Nxg7 Rxg7 40. Bb4
Qa1+ 41. Kh2 Rc1 42. g4 e3 43. Qxe3 Rh1+ 44. Kg3 Qg1+ 0-1

[Event "17. Obert Int. Sant Marti 2015"]
[Site "Barcelona ESP"]
[Date "2015.07.14"]
[Round "2.45"]
[White "Alfara Ayllon, Jose Luis"]
[Black "Dalo, Hermes"]
[Result "0-1"]
[WhiteElo "1964"]
[BlackElo "2274"]
[PlyCount "58"]
[EventDate "2015.07.13"]
[EventType "swiss"]
[EventRounds "9"]
[EventCountry "ESP"]
[SourceTitle "Ajedrez en Madrid"]
[Source "lmi"]
[SourceDate "2013.07.13"]
[SourceVersion "1"]
[SourceVersionDate "2019.06.24"]
[SourceQuality "1"]

1. e4 c5 2. Nf3 e6 3. d4 cxd4 4. Nxd4 Nf6 5. Bd3 Nc6 6. Nxc6 bxc6 7. O-O e5 8.
Nc3 Be7 9. f4 d6 10. Kh1 O-O 11. fxe5 dxe5 12. Be3 Qc7 13. Qe2 Bg4 14. Qf2 Bh5
15. Bc5 Bg6 16. h3 Rfd8 17. Rae1 Nh5 18. Ne2 Bg5 19. h4 Be7 20. g4 Nf6 21. Bxe7
Qxe7 22. Qg2 h6 23. Rf2 Qb4 24. Ref1 Nxe4 25. Rf5 Bxf5 26. gxf5 Nd2 27. Rf2
Qxh4+ 28. Kg1 e4 29. f6 g6 0-1

[Event "17. Obert Int. Sant Marti 2015"]
[Site "Barcelona ESP"]
[Date "2015.07.14"]
[Round "2.46"]
[White "Cervello I Tost, Roger"]
[Black "Raja, Harshit"]
[Result "0-1"]
[WhiteElo "1960"]
[BlackElo "2205"]
[PlyCount "54"]
[EventDate "2015.07.13"]
[EventType "swiss"]
[EventRounds "9"]
[EventCountry "ESP"]
[SourceTitle "Ajedrez en Madrid"]
[Source "lmi"]
[SourceDate "2013.07.13"]
[SourceVersion "1"]
[SourceVersionDate "2019.06.24"]
[SourceQuality "1"]

1. e4 c5 2. d4 cxd4 3. c3 Nf6 4. e5 Nd5 5. Nf3 Nc6 6. Bc4 Nb6 7. Bb3 d6 8. Bf4
dxe5 9. Nxe5 e6 10. Nxc6 bxc6 11. cxd4 Ba6 12. Qf3 Bb4+ 13. Nc3 Nd5 14. Bd2 O-O
15. Bc2 Qa5 16. Qh3 g6 17. a3 Rab8 18. Rc1 Bxc3 19. Bxc3 Nxc3 20. Qxc3 Qg5 21.
Be4 Qf4 22. Bf3 Rb3 23. Qxb3 Qxc1+ 24. Bd1 Rd8 25. g3 c5 26. Qe3 Qxb2 27. dxc5
Qb1 0-1

[Event "17. Obert Int. Sant Marti 2015"]
[Site "Barcelona ESP"]
[Date "2015.07.14"]
[Round "2.47"]
[White "Papathanasiou, Elisavet"]
[Black "Meylan, Andre"]
[Result "1-0"]
[WhiteElo "1951"]
[BlackElo "2196"]
[PlyCount "133"]
[EventDate "2015.07.13"]
[EventType "swiss"]
[EventRounds "9"]
[EventCountry "ESP"]
[SourceTitle "Ajedrez en Madrid"]
[Source "lmi"]
[SourceDate "2013.07.13"]
[SourceVersion "1"]
[SourceVersionDate "2019.06.24"]
[SourceQuality "1"]

1. Nf3 Nf6 2. c4 e6 3. g3 b6 4. Bg2 Bb7 5. O-O Be7 6. d4 O-O 7. d5 exd5 8. Nh4
c6 9. cxd5 Nxd5 10. Nf5 Nc7 11. e4 d5 12. Nc3 Bf6 13. exd5 Nxd5 14. Nxd5 cxd5
15. Re1 Na6 16. Rb1 Nc5 17. Bf4 Ne6 18. Bd6 Re8 19. Bxd5 Bxd5 20. Qxd5 Qd7 21.
Red1 Rad8 22. b4 Ng5 23. Rbc1 Ne4 24. Rd3 h5 25. f3 Nxd6 26. Nxd6 Re5 27. Qc6
Qe6 28. Rdd1 Re2 29. Qd5 Qe3+ 30. Kh1 Qe7 31. Qxh5 g6 32. Qd5 Qd7 33. Qc4 Rb2
34. Qf1 Qa4 35. Nxf7 Rxd1 36. Rxd1 Qc2 37. Nh6+ Kf8 38. Ng4 Be7 39. Rc1 Qd2 40.
Rd1 Qxb4 41. Qd3 Kg7 42. Ne5 Rxh2+ 43. Kxh2 Qb2+ 44. Rd2 Qxe5 45. Qd4 Qxd4 46.
Rxd4 Kf6 47. Rd7 a5 48. a4 Ke6 49. Rd4 Bc5 50. Re4+ Kf5 51. Rf4+ Kg5 52. Kh3
Bg1 53. Rg4+ Kf5 54. Kh4 Bc5 55. Rg5+ Kf6 56. Kg4 Bg1 57. Rb5 Bc5 58. f4 Bd4
59. Rd5 Bc5 60. Kf3 Ke6 61. Ke4 Kf6 62. g4 Ke6 63. f5+ gxf5+ 64. Rxf5 Bb4 65.
g5 Bd2 66. g6 Bc3 67. Rb5 1-0

[Event "17. Obert Int. Sant Marti 2015"]
[Site "Barcelona ESP"]
[Date "2015.07.14"]
[Round "2.48"]
[White "Juan Bartroli, Pau"]
[Black "Franch Guiral, Ramon"]
[Result "1-0"]
[WhiteElo "2195"]
[BlackElo "1964"]
[PlyCount "99"]
[EventDate "2015.07.13"]
[EventType "swiss"]
[EventRounds "9"]
[EventCountry "ESP"]
[SourceTitle "Ajedrez en Madrid"]
[Source "lmi"]
[SourceDate "2013.07.13"]
[SourceVersion "1"]
[SourceVersionDate "2019.06.24"]
[SourceQuality "1"]

1. d4 e6 2. c4 d5 3. Nf3 c6 4. e3 Bd6 5. Bd3 f5 6. O-O Nf6 7. b3 Qe7 8. Bb2 O-O
9. Qc1 Nbd7 10. Ba3 Ne4 11. Bxd6 Qxd6 12. Qa3 Ndf6 13. Qxd6 Nxd6 14. Ne5 Nf7
15. Nd2 Nxe5 16. dxe5 Ng4 17. Nf3 Bd7 18. h3 Nh6 19. cxd5 cxd5 20. Nd4 g5 21.
Rac1 Rac8 22. Bb5 Rxc1 23. Rxc1 Rc8 24. Rxc8+ Bxc8 25. f4 Kf8 26. Be2 a6 27. b4
Bd7 28. g4 fxg4 29. hxg4 Nf7 30. a3 h6 31. Kf2 Ke7 32. Bd3 Nd8 33. Ke2 Nc6 34.
Nb3 Bc8 35. Kd2 b6 36. Kc3 Bb7 37. Nd4 Nd8 38. a4 Bc8 39. Bg6 Bd7 40. Bc2 Nf7
41. a5 b5 42. Nf3 Be8 43. Kd4 Kd7 44. Kc5 Kc7 45. Bg6 gxf4 46. exf4 Kd7 47.
Bxf7 Bxf7 48. Kb6 h5 49. gxh5 Bxh5 50. Nd4 1-0

[Event "17. Obert Int. Sant Marti 2015"]
[Site "Barcelona ESP"]
[Date "2015.07.14"]
[Round "2.49"]
[White "Busquets, Luis"]
[Black "Supriya, Joshi"]
[Result "0-1"]
[WhiteElo "2189"]
[BlackElo "1953"]
[PlyCount "64"]
[EventDate "2015.07.13"]
[EventType "swiss"]
[EventRounds "9"]
[EventCountry "ESP"]
[SourceTitle "Ajedrez en Madrid"]
[Source "lmi"]
[SourceDate "2013.07.13"]
[SourceVersion "1"]
[SourceVersionDate "2019.06.24"]
[SourceQuality "1"]

1. e4 c6 2. d4 d5 3. Nc3 dxe4 4. Nxe4 Bf5 5. Ng3 Bg6 6. h4 h6 7. Nf3 Nd7 8. h5
Bh7 9. Bd3 Bxd3 10. Qxd3 e6 11. Bd2 Ngf6 12. O-O-O Be7 13. Qe2 Rc8 14. Rhe1 O-O
15. c4 Bd6 16. Ne4 Nxe4 17. Qxe4 b5 18. c5 Nf6 19. Qc2 Bc7 20. Ne5 Qd5 21. Kb1
Nd7 22. g4 Rfd8 23. Nxf7 Rf8 24. Nxh6+ Kh8 25. Qg6 Rf6 26. Nf7+ Kg8 27. Ng5
Rxg6 28. hxg6 e5 29. dxe5 Qd3+ 30. Ka1 Bxe5 31. Nf7 Bf6 32. Rh1 Qxg6 0-1

[Event "17. Obert Int. Sant Marti 2015"]
[Site "Barcelona ESP"]
[Date "2015.07.14"]
[Round "2.50"]
[White "Feldman, Antony"]
[Black "Nunez Lucero, Francisco"]
[Result "1-0"]
[WhiteElo "1950"]
[BlackElo "2174"]
[PlyCount "71"]
[EventDate "2015.07.13"]
[EventType "swiss"]
[EventRounds "9"]
[EventCountry "ESP"]
[SourceTitle "Ajedrez en Madrid"]
[Source "lmi"]
[SourceDate "2013.07.13"]
[SourceVersion "1"]
[SourceVersionDate "2019.06.24"]
[SourceQuality "1"]

1. Nf3 d5 2. g3 Nf6 3. Bg2 e6 4. O-O c5 5. c4 Be7 6. d4 O-O 7. cxd5 exd5 8.
dxc5 Nc6 9. Nc3 d4 10. Na4 Ne4 11. a3 Bf5 12. e3 d3 13. b4 Qd7 14. Nh4 Bxh4 15.
gxh4 Rad8 16. f3 Nf6 17. Bd2 Rfe8 18. Nb2 Nd4 19. Nc4 Nc2 20. Rb1 Qd5 21. Nd6
Nxe3 22. Bxe3 Rxe3 23. Qb3 Be6 24. Qxd5 Bxd5 25. Rbd1 Bb3 26. Rd2 Rd7 27. Bh3
Re2 28. Rxd3 Bc2 29. Bxd7 Bxd3 30. Bb5 Bxb5 31. Nxb5 Ra2 32. Rd1 h5 33. Rd3 b6
34. c6 a6 35. c7 Rc2 36. Nc3 1-0